Injustice Playable Character Quiz - Statistics

General Stats
  • This quiz has been taken 54 times
  • The average score is 42 of 55
Answer Stats
Origins Character % Correct
Batman
95%
Superman
93%
Harley Quinn
88%
Joker
88%
Wonder Woman
86%
Injustice 1 Aquaman
84%
Flash
84%
Green Lantern
84%
Nightwing
84%
Robin
84%
Bane
81%
Green Arrow
79%
Catwoman
77%
Cyborg
77%
Deathstroke
77%
Leonardo
77%
Lex Luthor
77%
Martian Manhunter
77%
Poison Ivy
77%
Scorpion
77%
Sinestro
77%
Swamp Thing
77%
Batgirl
74%
Black Adam
74%
Black Canary
74%
Blue Beetle
74%
Captain Cold
74%
Darkseid
74%
Hellboy
74%
Killer Frost
74%
Lobo
74%
Red Hood
74%
Zatanna
74%
Ares
72%
Injustice 2 Atom
72%
Atrocitus
72%
Brainiac
72%
Cheetah
72%
Firestorm
72%
Gorilla Grodd
72%
Raven
72%
Scarecrow
72%
Shazam
72%
Solomon Grundy
72%
Starfire
72%
Sub-Zero
72%
Black Manta
70%
Deadshot
70%
Hawkgirl
70%
Raiden
70%
Supergirl
70%
Zod
70%
Doomsday
67%
Enchantress
67%
Doctor Fate
65%
No matching quizzes found
Score Distribution
Percent of People with Each Score
Percentile by Number Answered
Your Score History
You have not taken this quiz